=LDR 00000nam 2200000 4500 =001 INLIS000000000051581 =005 20230510104512 =035 ##$$a 0010-1017000020 =007 ta =008 230510################g##########0#ind## =020 ##$$a 978-602-7869-71-4 =082 ##$$a 354.72 =084 ##$$a 354.72 HAR k =100 #$$a Hardiyansyah =245 1#$$a Komunikasi Pelayanan Publik : $b Konsep dan Aplikasi /$c Dr. Hardiyansyah =260 ##$$a Yogyakarta :$b Gava Media,$c 2015 =300 ##$$a xiv, 146 hlm : $b ilus. ; $c 23 X 16 cm =650 #4$$a Komunikasi Layanan Publik =250 ##$$a Cet. 1 =990 ##$$a 21703275 =990 ##$$a 21703274 =990 ##$$a 21703273 =990 ##$$a 21703272 =990 ##$$a 21703271 =990 ##$$a 21703271 =990 ##$$a 21703275 =990 ##$$a 21703274 =990 ##$$a 21703273 =990 ##$$a 21703272